000 01197nam a2200301 i 4500
003 EG-GICUC
005 20260121101331.0
008 251122s1979 ua ||||fr|||| 00| 0 aram d
040 _a EG-GICUC
_bara
_c EG-GICUC
_d EG-GICUC
_erda
041 0 _aara
082 0 4 _221
_a345.411
_bأ ح . ت
092 0 4 _221
099 _aLaw1 07 345.411 أ ح . ت 1979
100 0 _aأحمد حافظ نجم
_eمؤلف.
245 1 0 _aترتيب الوظائف العامة وتوصيفها وتقويمها /
_cدكتور أحمد حافظ نجم.
264 1 _aالقاهرة :
_bدار الفكر العربي،
_c1979.
300 _a368 ؛صفحة
_c24 سم.
336 _2rda content
_atext
337 _2rda media
_aComputer
338 _2rda carrier
_aOnline Resource
504 _aيشتمل على إرجاعات ببليوجرافية.
546 _aالنص أغلبه باللغة العربية مع بعض النصوص الإنجليزية
650 1 4 _aتعريف الموظف العام والوظيفة العامة
650 1 4 _aالقانون الإداري
856 4 0 _uhttps://fll.law.cu.edu.eg/fulltext/bks/B07-00892.pdf
905 _a32
_eYara
942 _2ddc
_cBK
_e21
_n0
999 _c45287
_d45287